Tramwaje Warszawa- Linia 24 (przystanki) - Statystyki

Ogólne statystyki
  • Ten quiz został rozwiązany 83 razy
  • Średni wynik to 25 z 39
Statystyki odpowiedzi
Numer przystanku Nazwa przystanku % Poprawnych
1. Gocławek
87%
2. Gocławek
87%
17. Centrum
84%
18. Dworzec Centralny
81%
39 Nowe Bemowo
81%
15. Muzeum Narodowe
76%
20. Plac Zawiszy
75%
21. Plac Zawiszy
75%
13. Rondo Waszyngtona
75%
34. Koło
73%
16. Krucza
73%
14. Most Poniatowskiego
73%
22. Rondo Daszyńskiego
73%
8. Wiatraczna
73%
24. Okopowa
72%
25. Zajezdnia Wola
69%
23. Muzeum Powstania Warszawskiego
64%
26. Młynarska
63%
30. PKP Koło
63%
19. Plac Starynkiewicza
60%
5. Plac Szembeka
60%
33. Dalibora
57%
32. Deotymy
57%
35. Marynin
57%
29. Wawrzyszewska
57%
28. Młynów
55%
36. Orlich Gniazd
54%
11. Park Skaryszewski
54%
38. Wrocławska
54%
6. Wspólna Droga
54%
10. Kinowa
52%
37. Radiowa
52%
4. Żółkiewskiego
51%
7. Czapelska
46%
3. Kwatery Głównej
46%
31. Magistracka
46%
12. Berezyńska
45%
27. Długosza
45%
9. Grenadierów
43%
Nie znaleziono quizów pasujących do podanych kryteriów
Rozkład punktacji
Procent ludzi z każdym wynikiem
Percentyl według liczby udzielonych odpowiedzi
Twoja historia wyników
Nie rozwiązałeś tego quizu